History Quiz

Random History or Century Quiz
Score 0/15 Timer 15:00
0 Plays Today
% Correct
1800 - 2000 • Correct, it was ABC
85.1%
20 000 BC - 800 BC • Correct, it was BAC
76.4%
0 - 200 • Correct, it was CBA
60.5%
200 BC - 0 • Correct, it was CBA
56.7%
1000 - 1200 • Correct, it was BCA
56.5%
1600 - 1800 • Correct, it was BAC
51.3%
600 - 800 • Correct, it was CAB
50.9%
400 - 600 • Correct, it was ACB
49.3%
% Correct
400 BC - 200 BC • Correct, it was BAC
44.2%
1400 - 1600 • Correct, it was CAB
44.1%
1200 - 1400 • Correct, it was ACB
37.3%
600 BC - 400 BC • Correct, it was ABC
31.6%
800 - 1000 • Correct, it was ABC
31.6%
200 - 400 • Correct, it was BCA
28.7%
800 BC - 600 BC • Correct, it was CBA
21.3%
Remove Ads.
Support Sporcle.
Get the best of Sporcle when you Go Orange. This ad-free experience offers more features, more stats, and more fun while also helping to support Sporcle. Thank you for becoming a member.

You're not logged in!

Compare scores with friends on all Sporcle quizzes.
OR
Log In

Show Comments

Extras

Top Quizzes Today


Score Distribution

Your Account Isn't Verified!

In order to create a playlist on Sporcle, you need to verify the email address you used during registration. Go to your Sporcle Settings to finish the process.

Report this User

Report this user for behavior that violates our Community Guidelines.

Details: